banner-ar

THE HOLY QUR'AAN : (Record no. 5292)

MARC details
000 -الفاتح
حقل البيانات ثابتة الطول 00385nam a2200145Ia 4500
008 - عناصر البيانات ثابتة الطول - معلومات عامة
حقل البيانات ثابتة الطول 140319s9999 xx 000 0 ara d
040 ## - مصدر الفهرسة
وكالة الفهرسة الأصلية GCL /
وكالة النسخ GCL
082 04 - رقم تصنيف ديوى العشرى
رقم التصنيف 221.42
رقم المادة E H
245 10 - بيان العنوان
العنوان THE HOLY QUR'AAN :
بقية العنوان قران مجيد
260 ## - PUBLICATION, DISTRIBUTION, ETC. (IMPRINT)
تاريخ النشر أو التوزيع 2000
300 ## - الوصف المادى
التعداد 24 CM ؛
أبعاد الوعاء 603 P
650 04 - المدخل الاضافى بالموضوع-مصطلح موضوعى
مصطلح موضوعي KORAN
942 ## - عناصر المدخل الإضافي( كوها)
مصدر التصنيف او مخطط الترفيف Dewey Decimal Classification
Koha [default] item type كتاب
260 ## - PUBLICATION, DISTRIBUTION, ETC. (IMPRINT)
-- انجلترا :
-- ELIASII FAMILY BOOK SERVICE ،
Holdings
حالة التراجع حالة الفقد حالة تلف ليس للاعارة المكان المؤقت الموقع الحالى تاريخ الاكتساب اجمالي اﻻعارات رقم الطلب الباركود تاريخ اخر مشاهدة تاريخ تفعيل السعر نوع وعاء كوها
        مكتبة القاهرة الكبرى مكتبة القاهرة الكبرى 03/26/2014   221.42\E H 11506 03/26/2014 03/26/2014 كتاب

Powered By

EGPV